000 00343nam a2200133Ia 4500
008 240624s9999 xx 000 0 und d
041 _aeng
082 _a658.3 PEA
100 _aPEASE GENE
245 _aOPTIMIZE YOUR GREATEST ASSET YOUR PEOPLE
260 _c2016
_aNew Delhi
_bWiley
300 _axix, : 203 : p. : cm. ; 26
365 _cRS
_b33
999 _c25570
_d25570